000 01392nam a2200349 i 4500
001 000015691
003 DO-SdBNP
005 20241112091213.0
006 a||||fr|||| 00| 0
007 ta
008 090824e1980 dr aobc 001 e spa d
040 _aDO-SdBNP
_bspa
_cBNPHU
_erda
041 _aspa
082 4 _a330.9729375
_bD812c 1980
_222
100 1 _aDuarte, Isis
_eautor
_92123
245 1 0 _aCapitalismo y superpoblación en Santo Domingo :
_bmercado de trabajo rural y ejército de reserva urbano /
_cIsis Duarte ; prólogo André Corten.
250 _aSegunda edición
264 1 _aSanto Domingo :
_bCODIA,
_c1980.
300 _a553 páginas :
_bilustraciones, fotografías, gráficos ;
_c22 cm.
336 _2rdacontent
_atexto
_btxt
337 _2rdamedia
_asin mediación
_bn
338 _2rdacarrier
_avolumen
_bnc
500 _aPrimera parte de la investigación sobre "Dependencia y marginalidad en Santo Domingo".
500 _aIncluye bibliografía al final de los capítulos.
590 _aInventariado, 2024 / MF
650 4 _aMercado de trabajo
_916455
_zRepública Dominicana
_zSanto Domingo
651 4 _aSanto Domingo, República Dominicana
_xCondiciones rurales
_97891
651 4 _aSanto Domingo, República Dominicana
_xPoblación
_97890
700 1 2 _aCorten, André,
_eprologuista
_912665
910 _aValidado. Control de calidad MFF
942 _2ddc
_cLBS1
999 _c15243
_d15243